ՀՀ Գիտությունների ազգային ակադեմիայի հիմնարար գիտական գրադարան  =   Fundamental Scientific Library of NAS RA

Մաթեմատիկական անալիզ : (Record no. 83739)

MARC details
000 -LEADER
fixed length control field 01038nam a2200241 u 4500
001 - CONTROL NUMBER
control field 000236741
003 - CONTROL NUMBER IDENTIFIER
control field AM-YeHGA
005 - DATE AND TIME OF LATEST TRANSACTION
control field 20250618071608.0
008 - FIXED-LENGTH DATA ELEMENTS--GENERAL INFORMATION
fixed length control field 030619s1985 ||||||||||||||||||||arm d
040 ## - CATALOGING SOURCE
Original cataloging agency AM-YeHGA
090 ## - LOCALLY ASSIGNED LC-TYPE CALL NUMBER (OCLC); LOCAL CALL NUMBER (RLIN)
-- 85014
245 00 - TITLE STATEMENT
Title Մաթեմատիկական անալիզ :
Remainder of title (Ստուգողական առաջադրանքներ) : ՈՒսումնամեթոդական ձեռնարկ /
Statement of responsibility, etc. Ռ.Ս. Դավթյան և ուրիշ. ; ԵՊՀ.
260 ## - PUBLICATION, DISTRIBUTION, ETC.
Place of publication, distribution, etc. Երևան :
Name of publisher, distributor, etc. Երևանի համալս. հրատ.,
Date of publication, distribution, etc. 1985.
300 ## - PHYSICAL DESCRIPTION
Extent Հ.
505 10 - FORMATTED CONTENTS NOTE
Miscellaneous information Հ. 1 (1985, 60 էջ)
-- Հ. 2 (1988, 46 էջ)
-- Հ. 3 (1991, 44 էջ)
650 14 - SUBJECT ADDED ENTRY--TOPICAL TERM
Topical term or geographic name entry element Մաթեմատիկա
700 1# - ADDED ENTRY--PERSONAL NAME
Personal name Հովհաննիսյան, Ս.Մ
700 1# - ADDED ENTRY--PERSONAL NAME
Personal name Դավթյան, Ռ.Ս.
700 1# - ADDED ENTRY--PERSONAL NAME
Personal name Ավետիսյան, Ռուբեն Ավետիսի,
Dates associated with a name 1946-
9 (RLIN) 2219
700 1# - ADDED ENTRY--PERSONAL NAME
Personal name Մանուկյան, Վազգեն Միքայելի,
Dates associated with a name 1946-
700 1# - ADDED ENTRY--PERSONAL NAME
Personal name Միքայելյան, Գագիկ Վազգենի,
Dates associated with a name 1959-
9 (RLIN) 2016
710 2# - ADDED ENTRY--CORPORATE NAME
Corporate name or jurisdiction name as entry element Երևանի պետական համալսարան
Holdings
Withdrawn status Lost status Damaged status Not for loan Collection Home library Current library Date acquired Serial enumeration / chronology Total checkouts Full call number Barcode Date last seen Price effective from Koha item type Public note Copy number
        General Fundamental Scientific Library Fundamental Scientific Library 22/12/2016 1   517(07.07) 220072350 22/12/2016 22/12/2016 Գրքեր / Books 30 Days Loan  
        General Fundamental Scientific Library Fundamental Scientific Library 22/12/2016 2   517(07.07) 220076187 22/12/2016 22/12/2016 Գրքեր / Books 30 Days Loan  
        General Fundamental Scientific Library Fundamental Scientific Library 22/12/2016 2   AII/76187 FL0181599 22/12/2016 22/12/2016 Գրքեր / Books 30 Days Loan 517(07.07)


ՀՀ ԳԱԱ հիմնարար գիտական գրադարան
ՀՀ,Երևան 0019
Մարշալ Բաղրամյան 24/6
հեռախոս:(374-10) 52-47-50
Հետադարձ կապ

All site content, except where otherwise noted, is licensed under a
Creative Commons License